| 000 | 00647cab a2200241 4500 | ||
|---|---|---|---|
| 001 | ABS44275 | ||
| 008 | 090401t1991 xxu||||| |||| 00| 0 eng d | ||
| 035 | _a(Sirsi) u46306 | ||
| 041 | _aeng | ||
| 100 | _aBacon, J. | ||
| 245 | _aLegal notebook | ||
| 260 | _c1991 | ||
| 350 | _a0 | ||
| 490 |
_aCivil Engineering Surveyor _v16 (2) March 1991, 14-15 (2) |
||
| 520 | _aDiscusses the work of the Restrictive Practices Court . Refers to case law . | ||
| 650 | _aHONE V PAGE | ||
| 650 | _aINTERIM CERTIFICATES | ||
| 650 | _aOFFICIAL REFEREE | ||
| 650 | _aRM DOUGLAS V BASS LEISURE | ||
| 690 | _aLAW | ||
| 942 | _n0 | ||
| 948 | _c04/03/1997 | ||
| 999 |
_c29298 _d29298 |
||